000 004490000a22001810004500
003 MACL
005 20151004152725.0
008 151004b xxu||||| |||| 00| 0 eng d
040 _aMACL
_cMACL
041 _aEnglish
082 _a910/GOR
100 _aRawat, Ajay S
_96329
245 _aA Trek To The Pindari Glacier
260 _bGyanodaya Prakashan
_c1990
_aDelhi
350 _a100
650 _aGeography & Travel
_913729
942 _cBK
_k910
_2ddc
999 _c4398
_d4398